00270pam a2200109 a 4500020000500000041000500005082001700010100001800027245005100045260004900096300001500145 c h a658.404bHAR aHarnson, R.L. aAdvanced Project ManagementhTextual Documents aNew DelhibMetropolitan Book Private Limited aXIII / 308